The Cambridge cultural history / (Record no. 64168)
[ view plain ]
| 000 -LEADER | |
|---|---|
| fixed length control field | 01046nam a2200253 a 4500 |
| 001 - CONTROL NUMBER | |
| control field | 64168 |
| 003 - CONTROL NUMBER IDENTIFIER | |
| rucl marc code | BD-RjUL |
| 005 - DATE AND TIME OF LATEST TRANSACTION | |
| control field | 20211209081258.0 |
| 008 - FIXED-LENGTH DATA ELEMENTS--GENERAL INFORMATION | |
| fixed length control field | 170209m19921988enka b 001 0 eng |
| 020 ## - INTERNATIONAL STANDARD BOOK NUMBER | |
| International Standard Book Number | 0521327652 |
| International Standard Book Number | 0521428890 |
| 035 ## - SYSTEM CONTROL NUMBER | |
| System control number | (BD-RjUL)64298 |
| 040 ## - CATALOGING SOURCE | |
| Original cataloging agency | DLC |
| Transcribing agency | DLC |
| Modifying agency | BD-RjUL |
| Language of cataloging | eng |
| 041 ## - LANGUAGE CODE | |
| Language code of text/sound track or separate title | eng |
| 082 00 - DEWEY DECIMAL CLASSIFICATION NUMBER | |
| Classification number | 700.941 |
| Edition number | 23 |
| Author mark and year | CAM 1992 |
| 245 04 - TITLE STATEMENT | |
| Title | The Cambridge cultural history / |
| Statement of responsibility, etc. | edited by Boris Ford. |
| 260 ## - PUBLICATION, DISTRIBUTION, ETC. (IMPRINT) | |
| Place of publication, distribution, etc. | New York : |
| Name of publisher, distributor, etc. | Cambridge University Press, |
| Date of publication, distribution, etc. | 1988-1991. |
| 300 ## - PHYSICAL DESCRIPTION | |
| Pagination | 9 v. : |
| Illustrations | ill. ; |
| Size | 26 cm. |
| 504 ## - BIBLIOGRAPHY, ETC. NOTE | |
| Bibliography, etc | Includes bibliographies and indexes. |
| 505 1# - FORMATTED CONTENTS NOTE | |
| Formatted contents note | v. 1. Prehistoric, Roman, and early medieval -- v. 2. The Middle Ages -- v. 3. Renaissance and Reformation -- v. 4. The seventeenth century -- v. 5. The Augustan age -- v. 6. Romantics to early Victorians -- v. 7. The later Victorian age -- v. 8. The Edwardian age and the inter-war years -- v. 9. Since the Second World War. |
| 650 #0 - SUBJECT ADDED ENTRY--TOPICAL TERM | |
| Topical term or geographic name as entry element | Arts, British. |
| Geographic subdivision | Great Britain |
| 9 (RLIN) | 190565 |
| 700 1# - ADDED ENTRY--PERSONAL NAME | |
| Personal name | Ford, Boris. |
| 942 ## - ADDED ENTRY ELEMENTS (KOHA) | |
| Source of classification or shelving scheme | Dewey Decimal Classification |
| Koha item type | Books |
| Lost status | Source of classification or shelving scheme | Damaged status | Not for loan | Collection code | Permanent Location | Current Location | Shelving location | Date acquired | Source of acquisition | Total Checkouts | Full call number | Date last seen | Copy number | Koha item type |
|---|---|---|---|---|---|---|---|---|---|---|---|---|---|---|
| Dewey Decimal Classification | Not For Loan | Non-fiction | Central Library, University of Rajshahi | Central Library, University of Rajshahi | Reading Room | 18/05/1955 | walid | 700.941 CAM V-9 1992 | 09/02/2017 | C-1 | Books |